Địa vật lý thăm dò. t.I, Thăm dò điện /
Na minha lista:
| Outros Autores: | , , , |
|---|---|
| Formato: | Sách giấy |
| Idioma: | Vietnamese |
| Publicado em: |
H. :
Đại học và Trung học chuyên nghiệp,
1979.
|
| Tags: |
Adicionar Tag
Sem tags, seja o primeiro a adicionar uma tag!
|
| Thư viện lưu trữ: | Thư viện Trường Đại học Đà Lạt |
|---|
| LEADER | 00849nam a2200337 4500 | ||
|---|---|---|---|
| 001 | DLU140163093 | ||
| 005 | ##20140814 | ||
| 040 | # | # | |a DLU |b vie |
| 041 | # | # | |a vie |
| 044 | # | # | |a vn |
| 082 | # | # | |a 550 |b Dia |
| 245 | # | # | |a Địa vật lý thăm dò. |n t.I, |p Thăm dò điện / |c Phạm Năng Vũ, ... [và những người khác] |
| 260 | # | # | |a H. : |b Đại học và Trung học chuyên nghiệp, |c 1979. |
| 300 | # | # | |a 292 tr. ; |c 22 cm. |
| 700 | # | # | |a Lâm Quang Thiệp. |
| 700 | # | # | |a Nguyễn San. |
| 700 | # | # | |a Tôn Tích Ái. |
| 700 | # | # | |a Trần Nho Lâm. |
| 700 | # | # | |p hạm Năng Vũ. |
| 923 | # | # | |a TL |
| 990 | # | # | |a t.I |
| 991 | # | # | |a SH |
| 992 | # | # | |a 2,40 |
| 994 | # | # | |a DLU |
| 900 | # | # | |a True |
| 911 | # | # | |a Nguyễn Huyền Anh |
| 925 | # | # | |a G |
| 926 | # | # | |a A |
| 927 | # | # | |a SH |
| 980 | # | # | |a Thư viện Trường Đại học Đà Lạt |